The Study Of Attrition And Employee Retention At Firstcry (Record no. 78121)

MARC details
000 -LEADER
fixed length control field 00412nam a2200145Ia 4500
008 - FIXED-LENGTH DATA ELEMENTS--GENERAL INFORMATION
fixed length control field 221007s9999 xx 000 0 und d
041 ## - LANGUAGE CODE
Language code of text/sound track or separate title eng
082 ## - DEWEY DECIMAL CLASSIFICATION NUMBER
Item number SHR
100 ## - MAIN ENTRY--PERSONAL NAME
Personal name Shreya Raka - 2k161109 & Dr. Geeta Jadhav - Guide
9 (RLIN) 105000
245 #4 - TITLE STATEMENT
Title The Study Of Attrition And Employee Retention At Firstcry
260 ## - PUBLICATION, DISTRIBUTION, ETC. (IMPRINT)
Date of publication, distribution, etc. 2017
Name of publisher, distributor, etc. Hnimr
Place of publication, distribution, etc. Pune
300 ## - PHYSICAL DESCRIPTION
Extent 52p
Dimensions Hard Bound
440 ## - SERIES STATEMENT/ADDED ENTRY--TITLE
Volume/sequential designation 1
906 ## - LOCAL DATA ELEMENT F, LDF (RLIN)
b Reference Books
Holdings
Withdrawn status Lost status Damaged status Not for loan Home library Current library Date acquired Vendor Total Checkouts Full call number Barcode Date last seen Bill Date Koha item type Original Barcode
        Smt. Hiraben Nanavati Institute of Management & Research for Women Smt. Hiraben Nanavati Institute of Management & Research for Women 01/02/2019 Satya Gilani   SHR HIMR-DR0006 07/10/2022 07/10/2022 Dissertation DR0006